000 00532nam a2200181 4500
001 1385
005 20181127163220.0
008 810305s1971 nyu b 001 0 eng d
100 1 _aMaslow, Abraham H.
_q(Abraham Harold)
245 1 4 _aThe farther reaches of human nature /
_cAbraham H. Maslow.
260 _aNew York :
_bViking Press,
_c1971.
300 _axxi, 423 p. ;
_c22 cm.
490 1 _aAn Esalen book.
500 _aIncludes index.
504 _aBibliography: p. [405]-413.
650 0 _aPersonality.
830 0 _aEsalen book.
999 _c1017
_d1017